000 00685nam a2200265 i 4500
001 C2-0309637
003 PPAK
005 20180728100741.0
008 020101s2004 si a|||| ||||| | eng d
020 _a0131833103
040 _aPPAK
_beng
_cPPAK
_erda
082 0 4 _a650
_223
090 0 0 _a650
_bBOV
_dR
100 1 _aBovee, Courtland L.,
_eauthor
245 1 0 _aBusiness in action
264 1 _a[Singapore] :
_bPrentice Hall ,
_c2004
300 _a395 pages :
_billustrations
336 _2rdacontent
_atext
337 _2rdamedia
_aunmediated
338 _2rdacarrier
_avolume
500 _aPrevious ed.: 2001
650 1 0 _aBusiness
700 _eauthor
942 _ddc
_cB
999 _c112166
_d112166